| 000 | 00646nam a22001457a 4500 | ||
|---|---|---|---|
| 020 | _a9789385152146 | ||
| 082 |
_a823 _bAMI/R |
||
| 100 | _aAMISH | ||
| 245 |
_aRAM SCION OF IKSHVAKU _bRAM CHANDRA SERIES BOOK 1 |
||
| 260 |
_aCHENNAI _bWESTLAND IND _c2015 |
||
| 300 | _a354 | ||
| 520 | _aThe story begins with King Dashrath of Ayodhya being defeated in a war by Lankan trader Raavan, and the birth of his son Ram. It follows through Ram's childhood and tutelage, along with the politics surrounding his ascension to the throne, and ultimately his 14-year exile, accompanied by wife Sita and brother Lakshman. | ||
| 650 |
_aNOVEL _zINDIA |
||
| 942 | _cBK | ||
| 999 |
_c2540 _d2540 |
||